| 000 | 01039nas a2200325 4500 | ||
|---|---|---|---|
| 001 | BR2015000777 | ||
| 003 | BR-BrBNA | ||
| 005 | 20231205125007.0 | ||
| 007 | ta | ||
| 008 | 230509b bl.|||p| |||| 00| 00por d | ||
| 040 |
_aBR-BrBNA _bpor _cBiblioteca Nacional de Agricultura |
||
| 041 | _a(En) | ||
| 072 | _aF60 | ||
| 100 | 1 | _aFalqueto, A.R. | |
| 100 | 1 | _aSilva, F.S.P. | |
| 100 | 1 | _aCassol, D. | |
| 100 | 1 | _aMagalhães Júnior, A.M. | |
| 100 | 1 | _aOliveira, A.C. | |
| 100 | 1 | _aBacarin, M.A. | |
| 245 | 1 | _aChlorophyll fluorescence in rice: probing of senescence driven changes of PSII activity on rice varieties differing in grain yield capacity | |
| 650 | _aARROZ | ||
| 650 | _aFOLHA | ||
| 650 | _aCLOROFILA | ||
| 650 | _aORYZA SATIVA | ||
| 650 | _aFOTOSSINTESE | ||
| 773 | 0 |
_tBrazilian Journal of Plant Physiology (Brazil) _xISSN 1677-0420 _g(2010), v. 22(1) p. 35-41 _wBR2015000777 |
|
| 856 | 4 | 0 | _uhttp://www.scielo.br/pdf/bjpp/v22n1/v22n1a04.pdf |
| 909 |
_a202311 _bLúcia _c55 _dLúcia Elande |
||
| 942 |
_2AGRIS _n0 _cANA |
||
| 999 |
_c242034 _d242034 |
||